=LDR 00000nam 2200000 4500 =001 INLIS000000000032570 =005 20130612134554 =008 ***********************************ind** =035 ##$$a0010-061300000032570 =041 ##$$a ind =082 ##$$a 92 ( Prabowo ) =090 ##$$a 92 ( Prabowo ), Sum p =100 ##$$a SUMPENO, Femi Adi =245 ##$$a Prabowo dari Cijantung bergerak ke istana, Femi Adi Sumpeno ; Penyunting, J.Felicianus =260 ##$$a 2009 $b Yogyakarta =300 ##$$a 261 hlm, 23 cm =650 ##$$a Prabowo, Biografi =700 ##$$a J.Felicianus =850 ##$$a NBPNMAT =990 ##$$a 93616/BPAP-NTB/2014 =990 ##$$a 93617/BPAP-NTB/2014 =990 ##$$a 21197082/BPAP-NTB/2014 =990 ##$$a 21400505/BPAP-NTB/2014